Statistics for FourFiveSeconds (All Lyrics)

Click here to take the quiz!

General Stats

  • This quiz has been taken 39 times
  • The average score is 168 of 224

Answer Stats

Answer% Correct
| Verse 1I
100%
a
97%
five
97%
four
97%
seconds
97%
all
93%
go
93%
of
93%
to
93%
(We
93%
an
90%
for
90%
from
90%
I'm
90%
(I'm
90%
Is
90%
is
90%
it
90%
my
90%
on
90%
so
90%
And
86%
kindness
86%
Then
86%
think
86%
be
83%
by
83%
get
83%
got
83%
monday
83%
up
83%
weakness
83%
you
83%
back
79%
But
79%
days
79%
friday
79%
home
79%
little
79%
make
79%
me
79%
mind
79%
mornin'
79%
swear
79%
taken
79%
tonight
79%
drunk
76%
enough
76%
had
76%
I've
76%
just
76%
that
76%
three
76%
want
76%
what's
76%
might
72%
more
72%
say
72%
somebody
72%
time
72%
try
72%
was
72%
'Cause
69%
do
69%
jail
69%
know
69%
that's
69%
'til
69%
we've
69%
weve
69%
Verse 3If
66%
Oh
66%
pay
66%
Promise
66%
wildin'
66%
Verse 2Woke
66%
'bout
62%
bout
62%
"How
62%
sale
62%
tryna
62%
would
62%
you'll
62%
ain't
59%
can
59%
could
59%
ChorusNow
59%
bail
55%
been
55%
can't
55%
Hold
55%
optimist
55%
Sun
55%
talkin'
55%
tell
55%
positive
52%
shinin'
52%
times
52%
trash
52%
where
52%
wish
52%
yeah
52%
ChorusYeah
52%
apologize
48%
heard
48%
pride
48%
selfish?"
48%
Thinkin'
48%
thousand
48%
Wondering
48%
you're
48%
hope
45%
reckless?"
45%
they
45%
called
41%
understand
41%
See
38%
buy
28%
spaz
28%
(Mhm)
21%
mystery)
17%
run)
10%
litlte
0%

Score Distribution

Percentile by Number Answered

Percent of People with Each Score

Your Score History

You have not taken this quiz